书目信息 |
| 题名: |
法西斯主义
|
|
| 作者: | 胡德 著 ;简斯 , 石梅芳 图 | |
| 分册: | ||
| 出版信息: | 北京 文化艺术出版社 2003 |
|
| 页数: | 176页 | |
| 开本: | 21cm | |
| 丛书名: | 西方文化图文速读 | |
| 单 册: | ||
| 中图分类: | D51 | |
| 科图分类: | ||
| 主题词: | 法西斯主义--研究 , 法西斯主义 | |
| 电子资源: | ||
| ISBN: | 7-5039-2379-2 | |
| 000 | 01164oam2 2200313 450 | |
| 001 | 1250119960 | |
| 005 | 20121005135615.28 | |
| 010 | @a7-5039-2379-2@dCNY18.00 | |
| 100 | @a20030905d2003 em y0chiy50 ea | |
| 101 | 1 | @achi@ceng |
| 102 | @aCN@b110000 | |
| 105 | @aa z 000yy | |
| 200 | 1 | @a法西斯主义@Afa xi si zhu yi@f(英)斯图亚特·胡德文@g(英)理查·简斯图@g石梅芳译 |
| 210 | @a北京@c文化艺术出版社@d2003 | |
| 215 | @a176页@d21cm | |
| 225 | 2 | @a西方文化图文速读 |
| 305 | @a根据 LTD.2000年版Fascism and Nazism翻译出版 | |
| 308 | @a丛书第1辑 | |
| 330 | @a本书全面回溯了法西斯主义产生的根源—19世纪的极端保守主义,以及一次大战以后出现在意大利、德国、西班牙和日本的法西斯主义,还审视了西欧极右势力不断扩张的原因和在前苏欧地区出现的极端民族主义情绪急速膨胀的现象。 | |
| 461 | 0 | @12001 @a西方文化图文速读 |
| 510 | 1 | @aFascism and Nazism@zeng |
| 606 | 0 | @a法西斯主义@x研究 |
| 606 | 0 | @a法西斯主义 |
| 690 | @aD51@v4 | |
| 701 | 0 | @c(英)@a胡德@Ahu de@c( Hood, Stuart@f1915~)@4著 |
| 702 | 0 | @c(英)@a简斯@Ajian si@c(女,Jansz, Iitza)@4图 |
| 702 | 0 | @a石梅芳@Ashi mei fang@c(世界史)@4译 |
| 801 | 0 | @aCN@bNLC@c20101222 |
| 905 | @a10447@dD51@eJY25 | |
| 法西斯主义/(英)斯图亚特·胡德文/(英)理查·简斯图/石梅芳译.-北京:文化艺术出版社,2003 |
| 176页;21cm.-(西方文化图文速读) |
| ISBN 7-5039-2379-2:CNY18.00 |
| 本书全面回溯了法西斯主义产生的根源—19世纪的极端保守主义,以及一次大战以后出现在意大利、德国、西班牙和日本的法西斯主义,还审视了西欧极右势力不断扩张的原因和在前苏欧地区出现的极端民族主义情绪急速膨胀的现象。 |
| ● |
| 相关链接 |
|
|
|
|
正题名:法西斯主义
索取号:D51/JY25
 
预约/预借
| 序号 | 登录号 | 条形码 | 馆藏地/架位号 | 状态 | 备注 |
| 1 | 7811800 | 278118001 | 学院路分馆/ [索取号:D51/JY25] | 在馆 | |
| 2 | 7811801 | 278118010 | 学院路分馆/ [索取号:D51/JY25] | 在馆 |